000 nam a22 a 4500
999 _c1322
_d1322
003 AKMAL
005 20170509100501.0
008 170509s1996 my 00 may d
020 _a9830770516 (kkt.):
_cRM 6.50
040 _aAKMAL
_cAKMAL
049 0 0 _amal
082 0 4 _a297.63 SHA
_221
090 0 0 _a297.63
_bSHA
090 2 0 _a297.63
_bSHA
245 0 0 _aSejarah hidup Nabi Muhammad SAW & Khulafa Ur Rasyidin /
_csusunan Sharifah Fakhrudin
260 _aJohor Bahru :
_bPerniagaan Jahabersa,
_c1996
300 0 0 _av, 119ms. :
_b;
_c22cm
500 _aMengandungi ayat-ayat dari Quran
600 0 0 _aMuhammad,
_cProphet,
_d-632
_91135
650 0 _aMuḼammad,
_cProphet,
_d-632
_xFriends and associates
_92602
700 0 _aSharifah Fakhrudin
_92603
942 _2ddc
_cBOOK